00629nam a22001217a 4500003000500000020002200005082001500027100002600042245004600068260002900114300002000143505034400163NUST a978-81-203-3444-1 a519.4, BIS aBISWAL, PURNA CHANDRA aNumerical Methods: bPurna Chandra Biswal aIndia bPHI Press c2008 aix, 358: pages  aNumber Systems and Errors (Page-1-12), Root Finding (Page-13-68),Numerical Solution of Linear System (Page-69-97),Interpolation (Page-98-147),Spline (Page-148-172),Numerical Differentiation (Page-173-177),Integration (Page-178-227),Initial Value Problem (Page-228-291),Eigenvalue (Page-292-304),Method of Weighted Residuals (Page-305-353).